000 00406nam a22001697a 4500
005 20260618102425.0
020 _a9788197263958
041 _aEnglish
082 _aT03 R24 STE
100 _aStephen Jeyaseela S
245 _aTharangampaadiyil Achcchidappatta Portuguese - Tamizh Agaraathi, 1731
250 _a01
260 _aChennai
_bNCBH
_c2024
300 _a47
365 _b100.00
942 _cBK
999 _c177938
_d177938